| 000 | 00396nam a2200157Ia 4500 | ||
|---|---|---|---|
| 005 | 20240607022334.0 | ||
| 008 | 240331s9999 xx 000 0 und d | ||
| 082 |
_bSRI _a352 |
||
| 100 | _aKumaraswamy,R. ed | ||
| 245 | 0 |
_aSri Lanka : _bprovincial council elections and devolution |
|
| 260 |
_aColombo _bICES _c1993 |
||
| 300 | _a63 p., | ||
| 650 | _aDevolution | ||
| 650 | _aElection | ||
| 942 | _cL | ||
| 999 |
_c3521 _d3521 |
||